| 000 | 00784nam a2200265Ia 4500 | ||
|---|---|---|---|
| 003 | GCL | ||
| 008 | 140319s9999 xx 000 0 ara d | ||
| 040 |
_aGCL / _cGCL |
||
| 082 | 0 | 4 |
_a810.7 _bص م |
| 100 | 1 | _aصالح احمد العلى | |
| 245 | 1 | 0 |
_aالادب العربى فى اثار الدارسين / _cصالح احمد العلى |
| 700 | 1 | _aجبرائيل جبور | |
| 700 | 1 | _aوليد عرفات | |
| 700 | 1 | _aانطون غطاس كرم | |
| 300 | _a479 | ||
| 490 |
_aكتاب _v0 |
||
| 650 | 0 | 4 | _aالشعر العربى |
| 650 | 0 | 4 | _aالادب العربى |
| 650 | 0 | 4 | _aالنثر العربى |
| 650 | 0 | 4 | _aالادب |
| 650 | 0 | 4 | _aالنقد الادبى |
| 650 | 0 | 4 | _aالادب - تاريخ ونقد |
| 650 | 0 | 4 | _aالنثر |
| 942 |
_2ddc _cBK |
||
| 999 |
_c42227 _d42227 |
||